000 00710nam a2200241Ia 4500
008 140110s9999 xx 000 0 und d
020 _a9788131503591
_cRs.407.00
040 _aLoreto College
041 _aEnglish
082 _a157/GRA
_bLCLIB/PsySemLib 783/48517
100 _aGray,Susan W.
245 _aPsychopathology
_bA competency-based assessment
_cSusan W.Gray and Marilyn R.Zide
250 _a2nd ed.
260 _aNew Delhi
_bThomson
_c2008
300 _a446p.
_c25cm.
504 _aIncludes glossary and index
630 _aAbnormal psychology
650 _aPathology,psychological
651 _aPsychopathology
700 _aZide, Marilyn R.
850 _aLCLIB/157/GRA
942 _cBK
999 _c37205
_d87684